Un héroe de nuestro tiempo / (Record no. 91096)

MARC details
000 -LEADER
campo de control de longitud fija 00585nam a2200193 i 4500
001 - NÚMERO DE CONTROL
campo de control 91096
003 - IDENTIFICADOR DE NÚMERO DE CONTROL
campo de control ES-MaACL
007 - CAMPO FIJO DE DESCRIPCIÓN FÍSICA--INFORMACIÓN GENERAL
campo de control de longitud fija t|
008 - DATOS DE LONGITUD FIJA--INFORMACIÓN GENERAL
campo de control de longitud fija 050127q19101919sp ||||1| spa d
100 1# - ENTRADA PRINCIPAL--NOMBRE DE PERSONA
Nombre de persona Lermontov, Mijail lur'evich.
9 (RLIN) 71779
245 13 - MENCIÓN DEL TÍTULO
Título Un héroe de nuestro tiempo /
Mención de responsabilidad, etc. por Lermontof ; traducción del ruso por G. Portnof.
260 ## - PUBLICACIÓN, DISTRIBUCIÓN, ETC.
Lugar de publicación, distribución, etc. Madrid :
Nombre del editor, distribuidor, etc. Jiménez-Fraud,
Fecha de publicación, distribución, etc. [191-?] (
Fabricante Imp. Clásica Española)
300 ## - DESCRIPCIÓN FÍSICA
Extensión 257 p. ;
Dimensiones 16 cm.
490 1# - MENCIÓN DE SERIE
Mención de serie Granada
700 1# - ENTRADA AGREGADA--NOMBRE PERSONAL
Nombre de persona Portnof, G.
9 (RLIN) 93282
830 0# - PUNTO DE ACCESO ADICIONAL DE SERIE-TÍTULO UNIFORME
Título uniforme Granada
9 (RLIN) 231967
852 ## - LOCALIZACIÓN
Ubicación ES-MaACL
Número de control de estantería G-2022
Holdings
Estatus retirado Estado de pérdida Estado de daño No para préstamo Biblioteca de origen Biblioteca actual Ubicación en estantería Fecha de adquisición Fuente de adquisición Total de préstamos Signatura topográfica completa Código de barras Visto por última vez Precio de reemplazo Tipo de ítem Koha
        Biblioteca del Ateneo de Madrid Biblioteca del Ateneo de Madrid Depósito 2 17/01/2008     G-2022 1095110 23/02/2023 23/02/2023 Libro impreso